000 00566nam a2200217 a 4500
999 _c5400
_d5400
001 5400
003 BD-JhCC
005 20220524134021.0
008 171213s1970 caua|||| |||| 00| 0 eng d
035 _a(BD-JhCC)
040 _aBD-JhCC
_dBD-JhCC
041 _aeng
082 _a510
_bWHI 1970
100 _a White, Paul A.
245 _aIntroductory College Mathematics /
_cPaul A. White
260 _aCalifornia :
_bDickenson Publishing Company,
_c1970
300 _a607 p. :
_bill. ;
_c26cm.
650 _aMathematics
942 _2ddc
_cBK
_04